Welcome to CU Library Online Public Access Catalogue (OPAC)

The city of God / (Record no. 6534)

MARC details
000 -LEADER
fixed length control field 00978cam a2200265 a 4500
001 - CONTROL NUMBER
control field 2524083
005 - DATE AND TIME OF LATEST TRANSACTION
control field 20250617102332.0
008 - FIXED-LENGTH DATA ELEMENTS--GENERAL INFORMATION
fixed length control field 930706s1993 nyu 001 0 eng
020 ## - INTERNATIONAL STANDARD BOOK NUMBER
International Standard Book Number 0679600876 (acidfree paper)
041 1# - LANGUAGE CODE
Language code of text/sound track or separate title eng
Language code of original lat
050 00 - LIBRARY OF CONGRESS CALL NUMBER
Classification number BR65.A64
Item number E5 1993
082 00 - DEWEY DECIMAL CLASSIFICATION NUMBER
Classification number 239/.3
Edition information 21
100 0# - MAIN ENTRY--PERSONAL NAME
Personal name Augustine,
Titles and words associated with a name of Hippo, Saint,
Dates associated with a name 354-430.
245 14 - TITLE STATEMENT
Title The city of God /
Statement of responsibility, etc. Saint Augustine ; translated by Marcus Dods ; with an introduction by Thomas Merton.
250 ## - EDITION STATEMENT
Edition statement Modern Library ed.
260 ## - PUBLICATION, DISTRIBUTION, ETC.
Place of publication, distribution, etc. New York :
Name of publisher, distributor, etc. Modern Library,
Date of publication, distribution, etc. 1993.
300 ## - PHYSICAL DESCRIPTION
Extent xvii, 892 p. ;
Dimensions 21 cm.
500 ## - GENERAL NOTE
General note Includes index.
650 #0 - SUBJECT ADDED ENTRY--TOPICAL TERM
Topical term or geographic name entry element Kingdom of God
Form subdivision Early works to 1800.
650 #0 - SUBJECT ADDED ENTRY--TOPICAL TERM
Topical term or geographic name entry element Apologetics
Form subdivision Early works to 1800.
700 1# - ADDED ENTRY--PERSONAL NAME
Personal name Dods, Marcus,
Dates associated with a name 1834-1909.
856 41 - ELECTRONIC LOCATION AND ACCESS
Materials specified Sample text
Uniform Resource Identifier <a href="http://www.loc.gov/catdir/samples/random044/93027971.html">http://www.loc.gov/catdir/samples/random044/93027971.html</a>
856 42 - ELECTRONIC LOCATION AND ACCESS
Materials specified Publisher description
Uniform Resource Identifier <a href="http://www.loc.gov/catdir/description/random0411/93027971.html">http://www.loc.gov/catdir/description/random0411/93027971.html</a>
942 ## - ADDED ENTRY ELEMENTS (KOHA)
Source of classification or shelving scheme Library of Congress Classification
Koha item type Books
Suppress in OPAC No
999 ## -
-- 6534
-- 6534
Holdings
Withdrawn status Lost status Source of classification or shelving scheme Damaged status Not for loan Collection Home library Current library Shelving location Date acquired Total checkouts Full call number Barcode Date last seen Copy number Price effective from Koha item type
    Library of Congress Classification     Non-fiction Undergraduate Library (Christ Temple) Undergraduate Library (Christ Temple) General stacks 06/17/2025   BR65 AUG ulct00003377 06/17/2025 1 06/17/2025 Books
© 2023-2024 Copyright: Central University Libraries. All Rights Reserved | Created by: Mahone Tech Office